| 000 | 02577nam a2200457 c 4500 | ||
|---|---|---|---|
| 003 | BLK | ||
| 005 | 20250224153122.0 | ||
| 008 | 180408b bul|||||r ||||||| ||bul|| | ||
| 010 | _aKNG00054109000 | ||
| 020 |
_a954-464-144-0 _bиздат.: ФорКом |
||
| 040 | _aBLK | ||
| 041 |
_aBUL _cBUL |
||
| 080 |
_aПазар. Анализ на пазара. Търсене. Предлагане. Конкуренция. Маркетингова логистика _b339.13 _x _z339.13 |
||
| 080 |
_aМетоди на управление. Мениджмънт. Анализи, планиране, ръководство, сътрудничество, контрол, коопериране и др. _b005.5 _x _z005.5 |
||
| 080 |
_aИкономическа психология. Икономическо поведение. Физиологични и психологични елементи. Интереси. Икономически дух _b330.16 _x _z330.16 |
||
| 100 |
_aМан, Игор Борисович _9283088 |
||
| 700 | 1 |
_aГудинова, Изабела _eпрев. _957008 |
|
| 700 | 1 |
_aТанева, Мария _eпрев. _9283089 |
|
| 139 |
_aМан, Игор _bМ 25 |
||
| 245 | 1 | 0 |
_aМаркетинг на 100% _bКак се става добър мениджър по маркетинг : Нови мисли, идеи и предложения ; Нови гл., миниатюри, прил., комент. и заповеди за добрия мениджър по маркетинг _cИгор Ман; прев. Изабела Гудинова; прев. Мария Танева. |
| 257 | _aRUS | ||
| 260 |
_аСофия _bФорКом _c2004 |
||
| 300 |
_a272 с. _c20 см |
||
| 380 | _a3 | ||
| 500 | _aОриг. загл. Маркетинг на 100% : Как стать хорошим менеджером по маркетингу / Игорь Манн. - Офс. изд. - За автора. | ||
| 650 | 4 |
_aМаркетинг _9161163 |
|
| 650 | 4 |
_aУправление и организация _9265069 |
|
| 650 | 4 |
_aУправленски труд _9244358 |
|
| 650 | 4 |
_aИкономическо поведение _9245306 |
|
| 653 | _aмаркетинг | ||
| 653 | _aтърговия | ||
| 653 | _aбюджет | ||
| 653 | _aуправление | ||
| 653 | _aуправленски труд | ||
| 852 | _aЦб 223926 | ||
| 856 | 4 |
_qpdf _u |
|
| 856 | 4 |
_qpdf _u |
|
| 942 |
_cKNG _n0 _03 |
||
| 944 |
_aCR _c31.05.2005 _lЦветелина Шанова _k30531 |
||
| 944 |
_aED _c25.04.2016 _lф / _kЛюдмила_Стоянова |
||
| 999 |
_c50238 _d50238 |
||